[Event "ch-ISR 2013"]
[Site "Acre ISR"]
[Date "2013.04.06"]
[Round "1.2"]
[White "Rodshtein, Maxim"]
[Black "Gruenfeld, Yehuda"]
[Result "1-0"]
[WhiteTitle "GM"]
[BlackTitle "GM"]
[WhiteElo "2639"]
[BlackElo "2434"]
[WhiteFideId "2806851"]
[BlackFideId "2800020"]
[EventDate "2013.04.06"]

1. d4 Nf6 2. c4 e6 3. Nf3 c5 4. d5 d6 5. Nc3 exd5 6. cxd5 g6 7. Bf4 a6 8. a4 Bg7
9. h3 O-O 10. e3 Ne8 11. Be2 Nd7 12. O-O Qe7 13. Nd2 Ne5 14. Re1 b6 15. Bh2 Rb8
16. Bf1 Nc7 17. f4 Nd7 18. e4 b5 19. e5 b4 20. Nce4 Nxd5 21. Nxd6 Nc7 22. N2e4
Bb7 23. f5 Bxe5 24. Bxe5 Nxe5 25. f6 1-0

[Event "ch-ISR 2013"]
[Site "Acre ISR"]
[Date "2013.04.06"]
[Round "1.3"]
[White "Kantsler, Boris"]
[Black "Postny, Evgeny"]
[Result "1/2-1/2"]
[WhiteTitle "GM"]
[BlackTitle "GM"]
[WhiteElo "2427"]
[BlackElo "2635"]
[WhiteFideId "2805359"]
[BlackFideId "2804344"]
[EventDate "2013.04.06"]

1. d4 d5 2. Nf3 Nf6 3. c4 dxc4 4. e3 e6 5. Bxc4 a6 6. O-O b5 7. Bd3 Bb7 8. a4 b4
9. Nbd2 c5 10. e4 Nc6 11. e5 Nd7 12. Nc4 Nxd4 13. Nxd4 cxd4 14. Qg4 Nc5 15. Rd1
h5 16. Qg3 h4 17. Qh3 Nxd3 18. Rxd3 Qd5 19. b3 Bc5 20. Bg5 Rh5 21. Qg4 Qe4 22.
Bf4 Rf5 23. Rf3 Qe2 24. Nd2 Bxf3 25. Nxf3 d3 26. Rf1 Rd8 27. g3 hxg3 28. hxg3
Qe4 29. Re1 Qd5 30. Nh4 d2 31. Rd1 Qe4 32. Nxf5 exf5 33. Qh5 Qe1+ 34. Kg2 Qxf2+
35. Kh3 1/2-1/2

[Event "ch-ISR 2013"]
[Site "Acre ISR"]
[Date "2013.04.06"]
[Round "1.4"]
[White "Roiz, Michael"]
[Black "Steinberg, Nitzan"]
[Result "1/2-1/2"]
[WhiteTitle "GM"]
[WhiteElo "2623"]
[BlackElo "2425"]
[WhiteFideId "2804158"]
[BlackFideId "2801795"]
[EventDate "2013.04.06"]

1. Nf3 c5 2. c4 Nc6 3. d4 cxd4 4. Nxd4 Nf6 5. Nc3 e6 6. a3 Qc7 7. Bg5 a6 8. e3
Be7 9. Be2 O-O 10. Rc1 d6 11. O-O Bd7 12. Nf3 Rfd8 13. b4 Ne5 14. Ne4 Nxe4 15.
Bxe7 Re8 16. Bh4 Ng6 17. Bg3 e5 18. Nd2 Nxg3 19. hxg3 f5 20. Nf3 Bc6 21. c5 dxc5
22. Ng5 h6 23. Bc4+ Kh8 24. Qh5 Qe7 25. Nf7+ Kh7 26. bxc5 Rf8 27. Nd6 Qf6 28. g4
Nh4 29. f3 g6 30. g5 gxh5 31. gxf6 Rxf6 32. e4 fxe4 33. fxe4 Raf8 34. Bd5 Ng6
35. Bxc6 Rxf1+ 36. Rxf1 Rxf1+ 37. Kxf1 bxc6 38. a4 1/2-1/2

[Event "ch-ISR 2013"]
[Site "Acre ISR"]
[Date "2013.04.06"]
[Round "1.5"]
[White "Givon, Asaf"]
[Black "Golod, Vitali"]
[Result "1/2-1/2"]
[WhiteTitle "FM"]
[BlackTitle "GM"]
[WhiteElo "2407"]
[BlackElo "2573"]
[WhiteFideId "2801841"]
[BlackFideId "2804140"]
[EventDate "2013.04.06"]

1. e4 c6 2. d4 d5 3. exd5 cxd5 4. c4 Nf6 5. Nc3 Nc6 6. Bg5 e6 7. Nf3 Be7 8. c5
Ne4 9. Bxe7 Nxc3 10. bxc3 Qxe7 11. Bb5 Bd7 12. O-O O-O 13. Rb1 Rfc8 14. Re1 b6
15. c4 Qd8 16. cxd5 exd5 17. Bxc6 Bxc6 18. Ne5 Bd7 1/2-1/2

[Event "ch-ISR 2013"]
[Site "Acre ISR"]
[Date "2013.04.06"]
[Round "1.6"]
[White "Avrukh, Boris"]
[Black "Nakar, Eylon"]
[Result "1/2-1/2"]
[WhiteTitle "GM"]
[BlackTitle "IM"]
[WhiteElo "2572"]
[BlackElo "2389"]
[WhiteFideId "2803895"]
[BlackFideId "2811111"]
[EventDate "2013.04.06"]

1. d4 Nf6 2. c4 e6 3. Nf3 d5 4. Nc3 c5 5. cxd5 Nxd5 6. e3 Nc6 7. Bc4 cxd4 8.
exd4 Be7 9. O-O O-O 10. Re1 b6 11. Nxd5 exd5 12. Bb5 Bb7 13. Bf4 Rc8 14. Re3 Bd6
15. Bg3 a6 16. Bd3 Bxg3 17. hxg3 Re8 18. Rxe8+ Qxe8 19. Qb3 Qd8 20. Re1 g6 21.
g4 b5 22. Bb1 Qd7 23. g5 Qd6 24. Qe3 Kg7 25. Bd3 Rc7 26. Ne5 Nxe5 27. dxe5 Qc5
28. Qf4 Bc8 29. a4 bxa4 30. Qxa4 d4 31. Bxa6 Ra7 32. Qb5 Qxb5 33. Bxb5 Ra2 34.
Re2 Ra1+ 35. Kh2 Bf5 36. Rd2 Ra5 37. Bc4 Rxe5 38. Rxd4 Be6 39. f4 Re3 40. Bxe6
Rxe6 41. b4 Re3 42. b5 Rb3 43. Rd5 h6 44. gxh6+ Kxh6 45. g4 Rf3 46. b6 Rb3 47.
Rd6 Rf3 48. b7 Rb3 49. Rd7 f5 50. Kg2 fxg4 51. Rc7 g3 52. Kh3 g5 53. Rc6+ Kg7
54. f5 Rxb7 55. Kxg3 Rb4 56. Rg6+ 1/2-1/2

[Event "ch-ISR 2013"]
[Site "Acre ISR"]
[Date "2013.04.06"]
[Round "1.7"]
[White "Birnboim, Nathan"]
[Black "Nabaty, Tamir"]
[Result "1/2-1/2"]
[WhiteTitle "IM"]
[BlackTitle "GM"]
[WhiteElo "2370"]
[BlackElo "2564"]
[WhiteFideId "2800209"]
[BlackFideId "2809052"]
[EventDate "2013.04.06"]

1. d4 d5 2. Nf3 Nf6 3. Nbd2 c5 4. e3 e6 5. c3 b6 6. Bb5+ Bd7 7. Bd3 Nc6 8. O-O
Be7 9. a3 O-O 10. Ne5 Nxe5 11. dxe5 Ne8 12. Qh5 f5 13. f4 Nc7 14. Qe2 Qe8 15. b3
Rd8 16. Bb2 Bb5 17. Bxb5 Nxb5 18. Nf3 Qc6 19. Rfc1 Nc7 20. a4 Qb7 21. Ba3 a5 22.
Rd1 Rd7 23. Ra2 Rfd8 24. Rad2 b5 25. Ra2 b4 26. cxb4 axb4 27. Bc1 Qa6 28. Qxa6
Nxa6 29. Rc2 Rc7 30. Bb2 c4 31. Bd4 Rdc8 32. Rdc1 c3 33. Kf2 Nb8 34. Bb6 Rb7 35.
Bd4 Bd8 36. Ke2 Kf7 37. Kd3 Nc6 38. Re2 Na5 39. Rb1 h6 40. h3 g5 41. g4 Kg6 42.
gxf5+ exf5 43. Rg2 Kh5 44. Kc2 Rg7 45. Rbg1 Rc6 46. Ne1 Be7 47. Nd3 Rcg6 48.
fxg5 Rxg5 49. Nf4+ Kh4 50. e6 Rg8 51. e4 Rxg2+ 52. Nxg2+ Rxg2+ 53. Rxg2 dxe4 54.
Rg7 Nc6 55. Be3 Kxh3 56. a5 Bd6 57. a6 f4 58. a7 fxe3 59. a8=Q e2 60. Rg1 Nd4+
61. Kb1 Nf3 62. Rh1+ Kg3 63. Qd5 Be7 64. Qd7 Bg5 65. e7 e1=Q+ 66. Rxe1 Nxe1 67.
Qd6+ Bf4 68. Qg6+ Bg5 69. Qxg5+ hxg5 70. e8=Q Kf3 71. Qh5+ g4 72. Qh1+ Kf2 73.
Qxe4 g3 74. Qd4+ Ke2 75. Qe5+ Kf2 76. Qd4+ Ke2 77. Qe5+ 1/2-1/2

[Event "ch-ISR 2013"]
[Site "Acre ISR"]
[Date "2013.04.06"]
[Round "1.8"]
[White "Zoler, Dan"]
[Black "Berkovich, Mark A"]
[Result "1/2-1/2"]
[WhiteTitle "GM"]
[BlackTitle "IM"]
[WhiteElo "2553"]
[BlackElo "2364"]
[WhiteFideId "2800705"]
[BlackFideId "2801639"]
[EventDate "2013.04.06"]

1. d4 Nf6 2. c4 e6 3. Nf3 b6 4. g3 Bb7 5. Bg2 Be7 6. O-O O-O 7. Nc3 Ne4 8. Bd2
f5 9. Qc2 Qc8 10. Rad1 Nxc3 11. Bxc3 Be4 12. Qd2 Na6 13. b4 c6 14. Qb2 Bf6 15.
a4 Nc7 16. b5 cxb5 17. axb5 a6 18. bxa6 Qxa6 19. Ra1 Qb7 20. Rxa8 Rxa8 21. Ne1
Bxg2 22. Nxg2 Qc6 23. Rc1 Qxc4 24. Bb4 Ra2 25. Rxc4 Rxb2 26. Ne3 Nd5 27. Rc8+
Kf7 28. Rf8+ Kg6 29. Nxd5 exd5 30. Bd6 Rxe2 31. Kf1 Re6 32. Bf4 Bxd4 33. Rd8 Bc5
34. Rxd7 d4 35. f3 Re7 36. Rd8 Kf7 37. h4 Ke6 38. Ke1 Rd7 39. Re8+ Kf7 40. Rb8
d3 41. Kd1 Bd6 42. Bxd6 Rxd6 43. Rb7+ Kf6 44. Kd2 h6 45. h5 g6 46. hxg6 Kxg6 47.
Rb8 f4 48. gxf4 h5 49. Rh8 Rd5 50. Rg8+ Kh7 51. Rg3 Kh6 52. f5 Rxf5 53. Kxd3 h4
54. Rh3 Kg5 55. Ke4 Rf4+ 56. Ke3 b5 57. Rh1 Rf6 58. Rg1+ Kh5 59. Rg8 h3 60. Rg3
Kh4 61. Rg4+ Kh5 62. Rg3 Kh4 63. Rg4+ 1/2-1/2

[Event "ch-ISR 2013"]
[Site "Acre ISR"]
[Date "2013.04.06"]
[Round "1.9"]
[White "Shachar, Ehud"]
[Black "Greenfeld, Alon"]
[Result "0-1"]
[WhiteTitle "FM"]
[BlackTitle "GM"]
[WhiteElo "2357"]
[BlackElo "2545"]
[WhiteFideId "2802198"]
[BlackFideId "2800039"]
[EventDate "2013.04.06"]

1. e4 c5 2. Nf3 d6 3. c3 Nf6 4. Be2 Nbd7 5. d3 g6 6. O-O Bg7 7. Re1 b6 8. Bf1
Bb7 9. Nbd2 O-O 10. h3 Qc7 11. b3 e5 12. Bb2 d5 13. g3 Rfe8 14. Bg2 Rad8 15. Qc2
c4 16. dxc4 dxe4 17. Ng5 Bh6 18. h4 Nc5 19. Re2 e3 20. Rxe3 Bxg2 21. Kxg2 Ne6
22. Ndf3 Ng4 23. Re2 f5 24. Nxe6 Rxe6 25. Bc1 Bxc1 26. Rxc1 Red6 27. Kg1 Qc6 28.
Ne1 e4 29. b4 Qxc4 30. Qb3 b5 31. Qxc4+ bxc4 32. Rcc2 Rd1 33. Kg2 Ne5 34. f3 Nd3 0-1

[Event "ch-ISR 2013"]
[Site "Acre ISR"]
[Date "2013.04.06"]
[Round "1.10"]
[White "Mikhalevski, Victor"]
[Black "Judkovsky, Yair"]
[Result "1-0"]
[WhiteTitle "GM"]
[WhiteElo "2530"]
[BlackElo "2355"]
[WhiteFideId "2801914"]
[BlackFideId "2804930"]
[EventDate "2013.04.06"]

1. Nf3 Nf6 2. g3 g6 3. Bg2 Bg7 4. b3 O-O 5. Bb2 d6 6. d4 Nbd7 7. d5 Nc5 8. O-O
Bd7 9. Nd4 Qc8 10. Re1 c6 11. dxc6 bxc6 12. c4 a5 13. e4 Rb8 14. Bc3 Ra8 15. e5
dxe5 16. Rxe5 Nd5 17. cxd5 Bxe5 18. Nxc6 Bxc6 19. Bxe5 Qf5 20. Qd4 Nd3 21. Bc7
Bb7 22. Nc3 Rfc8 23. d6 Bxg2 24. Kxg2 exd6 25. Nb5 Rxc7 26. Nxc7 Rd8 27. Rd1 Ne5
28. Qe3 Qc2 29. Rc1 Qxa2 30. Nd5 Qb2 31. Rc7 Ng4 32. Qf4 f5 33. h3 Qe5 34. Qc4
Nh6 35. Nf6+ Kf8 36. Nxh7+ Ke8 37. Qc6+ 1-0

[Event "ch-ISR 2013"]
[Site "Acre ISR"]
[Date "2013.04.06"]
[Round "1.11"]
[White "Axelrod, Arie"]
[Black "Popilski, Gil"]
[Result "0-1"]
[WhiteTitle "FM"]
[BlackTitle "GM"]
[WhiteElo "2328"]
[BlackElo "2523"]
[WhiteFideId "2804867"]
[BlackFideId "2809060"]
[EventDate "2013.04.06"]

1. c4 g6 2. Nc3 c5 3. g3 Bg7 4. Bg2 Nc6 5. e4 e6 6. Nge2 Nge7 7. O-O O-O 8. d3
d6 9. Be3 Nd4 10. Qd2 Nec6 11. Bh6 Rb8 12. Bxg7 Kxg7 13. Nxd4 Nxd4 14. Rab1 a6
15. Ne2 Nxe2+ 16. Qxe2 b5 17. e5 Bb7 18. b3 Bxg2 19. Kxg2 Qc7 20. Rbe1 Rfd8 21.
f4 d5 22. cxb5 axb5 23. g4 Ra8 24. f5 gxf5 25. gxf5 Kh8 26. Qf2 d4 27. Re4 Qc6
28. Kh3 Rg8 29. f6 Rg5 30. Rg1 Rxg1 31. Qxg1 Rg8 32. Rg4 Qf3+ 33. Kh4 Rg6 34.
Rxg6 hxg6 35. Qg4 Qxd3 36. a4 bxa4 37. bxa4 Qd2 38. Kg3 Qe1+ 39. Kg2 Qxe5 40.
Qh4+ Kg8 41. a5 d3 42. Qa4 Qg5+ 43. Kf3 Qxf6+ 44. Ke3 c4 45. a6 Qe5+ 46. Kf3 d2
47. a7 d1=Q+ 0-1

[Event "ch-ISR 2013"]
[Site "Acre ISR"]
[Date "2013.04.06"]
[Round "1.12"]
[White "Soffer, Ram"]
[Black "Arlinsky, Uriel"]
[Result "1/2-1/2"]
[WhiteTitle "GM"]
[BlackTitle "FM"]
[WhiteElo "2516"]
[BlackElo "2318"]
[WhiteFideId "2800101"]
[BlackFideId "2809575"]
[EventDate "2013.04.06"]

1. e4 c5 2. Nf3 d6 3. d4 cxd4 4. Nxd4 Nf6 5. f3 a6 6. c4 e6 7. Nc3 b6 8. Be2 Bb7
9. O-O Be7 10. Be3 O-O 11. Qd2 Nbd7 12. Rfd1 Rc8 13. Rac1 Qc7 14. a3 Qb8 15. b4
Rfe8 16. Nb3 d5 17. cxd5 exd5 18. Nxd5 Nxd5 19. Rxc8 Rxc8 20. exd5 Bd6 21. f4
Nf6 22. Bf3 Rd8 23. Qf2 Rd7 24. g3 Bf8 25. Bxb6 Bxd5 26. Bxd5 Nxd5 27. Bd4 Qb5
28. Qf3 Nc7 29. Bc5 Rxd1+ 30. Qxd1 Ne6 31. Bxf8 Kxf8 32. Qd6+ Kg8 33. Nc5 Qc4
34. Qd3 Qc1+ 35. Kg2 h6 36. Nxe6 Qc6+ 37. Kh3 Qxe6+ 38. f5 Qc6 39. g4 Qb7 40.
Kg3 Qc7+ 41. Kg2 Qc6+ 42. Kf2 Qb6+ 43. Kf3 Qc6+ 44. Kf2 Qb6+ 45. Ke2 Qc6 46. h3
Qb6 47. Kd2 Qc6 48. Ke3 Kh7 49. Kd4 Qc1 50. Qc3 Qf4+ 51. Kd5 h5 52. gxh5 Qxf5+
53. Kd6 Qe6+ 54. Kc7 f5 55. a4 Qe4 56. b5 axb5 57. axb5 f4 58. b6 f3 59. h6 Qf4+
60. Kc8 Qf8+ 61. Kc7 f2 62. Qd3+ Kxh6 63. Qe3+ Kh7 64. Qd3+ g6 65. b7 f1=Q 66.
Qxf1 Qxf1 67. b8=Q Qxh3 68. Qe8 Qc3+ 69. Kb7 Qd4 70. Qe2 Qd5+ 71. Kb6 g5 72. Qe3
Kg6 73. Ka7 g4 74. Qg3 Kf5 75. Qf2+ Kg5 76. Qe3+ Kh4 77. Qh6+ Kg3 78. Qe3+ Qf3
79. Qe5+ Kg2 80. Kb6 g3 81. Kc7 Qf7+ 82. Kb8 Kh3 83. Qe3 Kg4 84. Qe2+ Qf3 85.
Qe6+ Qf5 86. Qe2+ Kh3 87. Qe3 Qc2 88. Qf3 Kh2 89. Qh5+ Kg1 90. Qe5 Qb1+ 91. Kc8
Qc1+ 92. Kb8 g2 93. Qd4+ Kf1 94. Qf6+ Ke2 95. Qa6+ Kf2 96. Qf6+ Kg3 97. Qg7+ Kf3
98. Qb7+ Kf2 99. Qf7+ Ke2 100. Qh5+ Ke1 101. Qh4+ Kf1 102. Qf6+ Ke2 103. Qa6+
Kd1 104. Qa4+ Qc2 105. Qd4+ Kc1 106. Qg1+ Kb2 107. Qd4+ Kb3 108. Qb6+ Ka3 109.
Qd6+ Ka2 110. Qa6+ Kb1 111. Qb6+ Qb2 112. Ka8 Ka1 113. Qg1+ Ka2 114. Ka7 Qg7+
115. Ka8 Qf8+ 116. Kb7 Qf3+ 117. Kb8 Kb2 118. Qb6+ Kc3 119. Qc5+ Kd2 120. Qd4+
Ke2 121. Qb2+ Ke1 122. Qc1+ Qd1 123. Qe3+ Qe2 124. Qg1+ Kd2 125. Qd4+ Kc2 126.
Qc5+ Kd3 127. Qd6+ Ke3 128. Qc5+ Kf4 129. Qf8+ Kg3 130. Qd6+ Kf2 131. Qf4+ Qf3
132. Qd2+ Kg3 133. Qe1+ Kh2 134. Qd2 Qf8+ 135. Ka7 Qg7+ 136. Ka8 Qf8+ 137. Ka7
Qc5+ 138. Kb7 Kh1 139. Qh6+ Kg1 140. Qd2 Qh5 141. Qe3+ Kh1 142. Qe4 Qg5 1/2-1/2

[Event "ch-ISR 2013"]
[Site "Acre ISR"]
[Date "2013.04.06"]
[Round "1.13"]
[White "Shvayger, Yuliya"]
[Black "Raznikov, Danny"]
[Result "0-1"]
[WhiteTitle "WFM"]
[BlackTitle "IM"]
[WhiteElo "2273"]
[BlackElo "2488"]
[WhiteFideId "14100126"]
[BlackFideId "2811154"]
[EventDate "2013.04.06"]

1. e4 c5 2. Nf3 d6 3. d4 cxd4 4. Nxd4 Nf6 5. Nc3 a6 6. f4 Nbd7 7. Qf3 e5 8. Nf5
g6 9. Ne3 exf4 10. Qxf4 Ne5 11. Be2 Bg7 12. O-O Be6 13. a4 Rc8 14. a5 O-O 15.
Bd2 Nfd7 16. Rfd1 Nc6 17. Be1 Be5 18. Qh4 Qxh4 19. Bxh4 Bd4 20. Bf2 Nc5 21. Bf3
Rfe8 22. Kf1 Be5 23. Kg1 h5 24. Bg3 Bd4 25. Bf2 Be5 26. Bg3 Kg7 27. Ra3 Nd7 28.
Rd2 Bd4 29. Nd1 Nde5 30. Bf2 Bc5 31. Ra1 Bb4 32. c3 Nxa5 33. Re2 Nb3 34. Rb1 Bc5
35. Kf1 Bd7 36. Rc2 Bb5+ 37. Be2 Bd3 0-1

[Event "ch-ISR 2013"]
[Site "Acre ISR"]
[Date "2013.04.06"]
[Round "1.16"]
[White "Gofshtein, Leonid"]
[Black "Katzir, Moshe"]
[Result "1-0"]
[WhiteTitle "GM"]
[WhiteElo "2457"]
[BlackElo "2201"]
[WhiteFideId "2801574"]
[BlackFideId "2802260"]
[EventDate "2013.04.06"]

1. d4 d5 2. c4 e6 3. Nf3 c6 4. g3 Nf6 5. Bg2 Be7 6. O-O O-O 7. Nc3 Nbd7 8. b3 b6
9. Qc2 Bb7 10. Rd1 Rc8 11. e4 h6 12. e5 Ne8 13. cxd5 cxd5 14. Bb2 Nc7 15. Qd2 a5
16. Ne2 Ba6 17. h4 Bb4 18. Qe3 Nb5 19. a3 Be7 20. Ne1 Re8 21. Bf1 Na7 22. Qd2
Bb5 23. Bh3 Bf8 24. Nc3 Ba6 25. Nd3 b5 26. Ne2 Nc6 27. Nef4 Nb6 28. Qe1 Nd7 29.
Kh2 a4 30. b4 Nb6 31. Nc5 Bxc5 32. bxc5 Nc4 33. Bc3 Rb8 34. Nh5 Nxa3 35. Rxa3 b4
36. Rxa4 Bb5 37. Rxb4 Nxb4 38. Bxb4 Qd7 39. Bd2 Qd8 40. Qe3 1-0

[Event "ch-ISR 2013"]
[Site "Acre ISR"]
[Date "2013.04.07"]
[Round "2.2"]
[White "Popilski, Gil"]
[Black "Rodshtein, Maxim"]
[Result "1/2-1/2"]
[WhiteTitle "GM"]
[BlackTitle "GM"]
[WhiteElo "2523"]
[BlackElo "2639"]
[WhiteFideId "2809060"]
[BlackFideId "2806851"]
[EventDate "2013.04.06"]

1. e4 c6 2. d4 d5 3. f3 e6 4. Nc3 Qb6 5. Na4 Qa5+ 6. c3 Nd7 7. b4 Qc7 8. e5 b6
9. f4 c5 10. a3 Ne7 11. Nf3 Nc6 12. Bd3 g6 13. Be3 c4 14. Bc2 a5 15. O-O Be7 16.
Qe1 Bb7 17. Bf2 b5 18. Nc5 axb4 19. axb4 Rxa1 20. Qxa1 O-O 1/2-1/2

[Event "ch-ISR 2013"]
[Site "Acre ISR"]
[Date "2013.04.07"]
[Round "2.3"]
[White "Greenfeld, Alon"]
[Black "Gofshtein, Leonid"]
[Result "1/2-1/2"]
[WhiteTitle "GM"]
[BlackTitle "GM"]
[WhiteElo "2545"]
[BlackElo "2457"]
[WhiteFideId "2800039"]
[BlackFideId "2801574"]
[EventDate "2013.04.06"]

1. Nf3 Nf6 2. c4 c6 3. Nc3 d5 4. d4 a6 5. a4 e6 6. Bg5 Be7 7. e3 a5 8. Bd3 Na6
9. O-O Nb4 10. Re1 O-O 11. e4 Nxe4 12. Bxe7 Qxe7 13. Nxe4 dxe4 14. Bxe4 Rd8 15.
Ra3 c5 16. d5 f5 17. Bb1 Qf6 18. Rae3 Bd7 19. Qb3 Ra6 20. Re5 Rd6 21. dxe6 Rxe6 1/2-1/2

[Event "ch-ISR 2013"]
[Site "Acre ISR"]
[Date "2013.04.07"]
[Round "2.4"]
[White "Raznikov, Danny"]
[Black "Mikhalevski, Victor"]
[Result "0-1"]
[WhiteTitle "IM"]
[BlackTitle "GM"]
[WhiteElo "2488"]
[BlackElo "2530"]
[WhiteFideId "2811154"]
[BlackFideId "2801914"]
[EventDate "2013.04.06"]

1. d4 Nf6 2. c4 g6 3. Nc3 d5 4. Nf3 Bg7 5. Qb3 dxc4 6. Qxc4 O-O 7. e4 Na6 8. Be2
c5 9. d5 e6 10. O-O exd5 11. exd5 Qb6 12. Rd1 Re8 13. h3 Bf5 14. g4 Bd7 15. Be3
h5 16. gxh5 Nxh5 17. Ng5 Rxe3 18. fxe3 Qxb2 19. Rac1 Bxc3 20. d6 Rf8 21. Bxh5
Bd2 22. Bxg6 Bxe3+ 23. Kh1 Bxg5 24. Rg1 Kh8 25. Rxg5 Bc6+ 26. Be4 Bxe4+ 27. Kg1
Rg8 28. Qc3+ Qxc3 29. Rxg8+ Kxg8 30. Rxc3 Bc6 31. Kf2 Kg7 32. h4 Kg6 33. Kg3 f6
34. Kf4 Nb4 35. h5+ Kxh5 36. Rxc5+ Kg6 37. Rc4 Nd3+ 38. Ke3 Ne5 39. Rc2 Kf5 0-1

[Event "ch-ISR 2013"]
[Site "Acre ISR"]
[Date "2013.04.07"]
[Round "2.5"]
[White "Postny, Evgeny"]
[Black "Givon, Asaf"]
[Result "1-0"]
[WhiteTitle "GM"]
[BlackTitle "FM"]
[WhiteElo "2635"]
[BlackElo "2407"]
[WhiteFideId "2804344"]
[BlackFideId "2801841"]
[EventDate "2013.04.06"]

1. d4 Nf6 2. c4 g6 3. f3 d5 4. cxd5 Nxd5 5. e4 Nb6 6. Nc3 Bg7 7. Be3 O-O 8. Qd2
Nc6 9. O-O-O Qd6 10. h4 Rd8 11. Nb5 Qd7 12. h5 a6 13. Nc3 Nxd4 14. hxg6 fxg6 15.
g4 e5 16. Qh2 h6 17. Bxh6 Bxh6+ 18. Qxh6 Qg7 19. Qg5 Rd6 20. Nh3 Bd7 21. Qe3 Rf8
22. Ng5 Qf6 23. Rd2 Nxf3 24. Nxf3 Qxf3 25. Qg5 Rf4 26. Be2 Qe3 27. Rh7 1-0

[Event "ch-ISR 2013"]
[Site "Acre ISR"]
[Date "2013.04.07"]
[Round "2.6"]
[White "Nakar, Eylon"]
[Black "Roiz, Michael"]
[Result "0-1"]
[WhiteTitle "IM"]
[BlackTitle "GM"]
[WhiteElo "2389"]
[BlackElo "2623"]
[WhiteFideId "2811111"]
[BlackFideId "2804158"]
[EventDate "2013.04.06"]

1. e4 c5 2. Nf3 e6 3. Nc3 a6 4. d4 cxd4 5. Nxd4 Qc7 6. Be2 Nc6 7. O-O Nf6 8. Be3
Bb4 9. Nxc6 bxc6 10. Qd4 c5 11. Qc4 O-O 12. Bf3 d6 13. a3 Ba5 14. b4 cxb4 15.
Qxc7 Bxc7 16. axb4 Bb7 17. Rfc1 Rfc8 18. Ra3 Bd8 19. Rb3 Rc7 20. Rd1 Be7 21. Bf4
Ne8 22. Rd3 Rac8 23. Bd2 Nf6 24. g3 Nd7 25. Bf4 g5 26. Bxd6 Bxd6 27. Rxd6 Ne5
28. Na4 Rxc2 29. Nc5 R8xc5 30. bxc5 Nxf3+ 31. Rxf3 Bxe4 32. Rfd3 Bxd3 33. Rxd3
Rxc5 0-1

[Event "ch-ISR 2013"]
[Site "Acre ISR"]
[Date "2013.04.07"]
[Round "2.7"]
[White "Golod, Vitali"]
[Black "Kantsler, Boris"]
[Result "1-0"]
[WhiteTitle "GM"]
[BlackTitle "GM"]
[WhiteElo "2573"]
[BlackElo "2427"]
[WhiteFideId "2804140"]
[BlackFideId "2805359"]
[EventDate "2013.04.06"]

1. d4 d6 2. Nf3 g6 3. c4 Bg7 4. Nc3 Nf6 5. e4 O-O 6. Be2 e5 7. O-O exd4 8. Nxd4
Re8 9. f3 Nc6 10. Be3 Nh5 11. Qd2 Nf4 12. Rfd1 Nxd4 13. Bxd4 Qg5 14. Bf1 Bxd4+
15. Qxd4 Ne6 16. Qf2 b6 17. Nd5 c6 18. Ne3 Rd8 19. Rd2 Bb7 20. Rad1 Qc5 21. a3
a5 22. Ng4 h5 23. Ne3 Rd7 24. g3 Rad8 25. Bg2 b5 26. cxb5 cxb5 27. Nd5 Qxf2+ 28.
Kxf2 Kg7 29. Bh3 Ba6 30. b4 axb4 31. axb4 Bb7 32. Nb6 Rc7 33. Bxe6 fxe6 34. Rxd6
Rxd6 35. Rxd6 Rc2+ 36. Ke3 Kf6 37. h4 Ke5 38. Rd8 Bc6 39. f4+ Kf6 40. Rc8 e5 41.
Kd3 1-0

[Event "ch-ISR 2013"]
[Site "Acre ISR"]
[Date "2013.04.07"]
[Round "2.8"]
[White "Steinberg, Nitzan"]
[Black "Avrukh, Boris"]
[Result "0-1"]
[BlackTitle "GM"]
[WhiteElo "2425"]
[BlackElo "2572"]
[WhiteFideId "2801795"]
[BlackFideId "2803895"]
[EventDate "2013.04.06"]

1. e4 e5 2. Nf3 Nc6 3. Bb5 a6 4. Ba4 Nge7 5. O-O g6 6. c3 Bg7 7. d4 exd4 8. cxd4
b5 9. Bb3 O-O 10. Bg5 h6 11. Bf4 d6 12. d5 Na5 13. Qd2 Nxb3 14. axb3 g5 15. Be3
f5 16. Bd4 fxe4 17. Bxg7 Kxg7 18. Nd4 e3 19. Qxe3 Nxd5 20. Qe4 Nb6 21. Nc3 Re8
22. Qd3 c5 23. f4 g4 24. Nf5+ Bxf5 25. Qxf5 Qc8 26. Qh5 Qe6 27. f5 Qe3+ 28. Rf2
Qg5 29. f6+ Kf8 30. Qxg5 hxg5 31. Rf5 b4 32. Nd5 Nxd5 33. Rxd5 Re6 34. Rxg5 Rxf6
35. Rxg4 Re8 36. h4 Re3 37. Rxa6 Rxb3 38. h5 Rxb2 39. Ra7 Rbf2 40. Ra8+ Kf7 41.
Re4 d5 42. Ra7+ Kf8 43. Ra8+ Kg7 44. Rg4+ Kf7 45. Ra7+ Ke6 46. Rh4 b3 47. Rb7 b2
48. Kh2 R6f4 49. Rh3 Rg4 50. Rg3 Rh4+ 51. Rh3 Rxh3+ 52. Kxh3 c4 53. Kg3 c3 54.
Kxf2 c2 55. Rxb2 c1=Q 56. Rb6+ Kf5 57. Rg6 d4 0-1

[Event "ch-ISR 2013"]
[Site "Acre ISR"]
[Date "2013.04.07"]
[Round "2.10"]
[White "Arlinsky, Uriel"]
[Black "Zoler, Dan"]
[Result "0-1"]
[WhiteTitle "FM"]
[BlackTitle "GM"]
[WhiteElo "2318"]
[BlackElo "2553"]
[WhiteFideId "2809575"]
[BlackFideId "2800705"]
[EventDate "2013.04.06"]

1. d4 d5 2. c4 c6 3. Nf3 Nf6 4. Qc2 g6 5. Bf4 Bg7 6. e3 O-O 7. Nc3 Bf5 8. Bd3
Bxd3 9. Qxd3 e6 10. O-O Nh5 11. Be5 Nd7 12. Bxg7 Nxg7 13. Rfd1 Qe7 14. a3 Rfd8
15. Rac1 Nf5 16. h3 Rac8 17. Qe2 h5 18. e4 dxe4 19. Nxe4 Nf6 20. Nc3 Rc7 21. Rd2
Rcd7 22. Rcd1 h4 23. Rd3 Kg7 24. b4 a6 25. Qc2 b5 26. Ne2 Ra7 27. Ne5 Qd6 28.
Qb2 a5 29. d5 exd5 30. cxd5 cxd5 31. Ng4 Ra6 32. Rxd5 Qxd5 33. Rxd5 Rxd5 34. Nc3
Rd4 35. Nxb5 Rd1+ 36. Kh2 axb4 37. Qxb4 Re6 38. Qb2 Ree1 39. Qxf6+ Kg8 40. Nh6+
Nxh6 41. g4 Rh1+ 42. Kg2 Rdg1+ 43. Kf3 Rxh3+ 44. Ke2 Rxg4 45. Nc3 Nf5 46. Nd5
Nd4+ 47. Kd2 Rf3 48. Qe5 Rxf2+ 49. Kd3 Rf3+ 0-1

[Event "ch-ISR 2013"]
[Site "Acre ISR"]
[Date "2013.04.07"]
[Round "2.11"]
[White "Berkovich, Mark A"]
[Black "Soffer, Ram"]
[Result "1/2-1/2"]
[WhiteTitle "IM"]
[BlackTitle "GM"]
[WhiteElo "2364"]
[BlackElo "2516"]
[WhiteFideId "2801639"]
[BlackFideId "2800101"]
[EventDate "2013.04.06"]

1. d4 e6 2. Nf3 Nf6 3. g3 b5 4. Bg2 Bb7 5. O-O Be7 6. Bg5 a6 7. Nbd2 d5 8. Bxf6
Bxf6 9. b4 a5 10. a3 a4 11. Re1 Nc6 12. c3 Ne7 1/2-1/2

[Event "ch-ISR 2013"]
[Site "Acre ISR"]
[Date "2013.04.07"]
[Round "2.12"]
[White "Caspi, Israel"]
[Black "Birnboim, Nathan"]
[Result "1-0"]
[WhiteTitle "IM"]
[BlackTitle "IM"]
[WhiteElo "2461"]
[BlackElo "2370"]
[WhiteFideId "2807394"]
[BlackFideId "2800209"]
[EventDate "2013.04.06"]

1. e4 c5 2. Nf3 Nc6 3. d4 cxd4 4. Nxd4 Nf6 5. Nc3 d6 6. f3 e5 7. Nb3 Be6 8. Nd5
a6 9. Be3 Bxd5 10. exd5 Ne7 11. c4 Nf5 12. Bf2 Nd7 13. Bd3 g6 14. O-O Bh6 15.
Bxf5 gxf5 16. c5 Rc8 17. cxd6 Rg8 18. Qd3 Qg5 19. g3 Qh5 20. Rae1 Kf8 21. Kh1
Rg6 22. Na5 Kg8 23. Nxb7 e4 24. fxe4 Ne5 25. Qe2 Nf3 26. Bg1 Rxg3 27. d7 Rb8 28.
Rxf3 Rxf3 29. d8=Q+ Rxd8 30. Nxd8 Bg5 31. Nc6 1-0